000 00895nam a2200277 4500
003 EG-GICUC
005 20260427103617.0
008 260427s1985 fr ||||fr|||| 00| 0 fre d
040 _aEG-GiCUC
_bfre
_cEG-GiCUC
_dEG-GiCUC
_eRda
041 0 _afre
082 0 4 _221
_a343
_bBA . C
092 0 4 _221
099 _aLaw1 10 343 BA . C 1985
100 1 _aBessiouni, M. Cherif
_eAuteur
245 1 0 _aCases and materials on criminal law /
_cM. Cherif Bessiouni.
264 1 _a[Lieu de publication non précisé] :
_b[Éditeur non spécifié],
_c[1985].
300 _a407 page ;
_c 24 cm.
336 _2rda contenu
_a texte
337 _2rda medias
_aOrdinateur
338 _2 transporteur rda
_a Ressource en ligne
546 _aTexte en français
650 1 4 _aSciences Criminelles
856 4 0 _uhttps://fll.law.cu.edu.eg/fulltext/bks/B10-11919.pdf
905 _a30
942 _2ddc
_cBK
_e21
_n0
999 _c73618
_d73618